01327cam a2200301Ia 4500001002300000003000700023005001700030007000700047008004100054010001700095040004700112020001500159020001800174035002000192092001300212100001900225245007100244260003600315300002100351520009200372650003500464856009600499856010000595942000700695506015000702506015400852999001901006operationdumpchu00parkCaSfIA20210118194939.0cr||||831212t19831982nyu j 000 1 eng d a 81008147  aBOAcBOAdOCLdBTCTAdBAKERdYDXCPdCaSfIA a0380639742 a9780380639748 a(OCoLC)10212496 aFICbPar1 aPark, Barbara.10aOperation, dump the chump /h[electronic resource] cBarbara Park. aNew York :bAvon,c1983, c1982. a113 p. ;c20 cm. aEleven year-old Oscar devises an elaborate plan to get rid of his pesky little brother. 1aBrothers and sistersvFiction.41uhttp://www.archive.org/details/operationdumpchu00parkzFree eBook from the Internet Archive42uhttp://www.openlibrary.org/books/OL7432214MzAdditional information and access via Open Library cEB fНеобхідна авторизація на https://archive.org/ (створення облікового запису безкоштовно) fНеобхідна авторизація на https://openlibrary.org/ (створення облікового запису безкоштовно) c533390d533390